000 00726nas a2200241 4500
001 BR8402063
003 BR-BrBNA
005 20231205085907.0
007 ta
008 230509b bl.|||p| |||| 00| 00por d
040 _aBR-BrBNA
_bpor
_cBiblioteca Nacional de Agricultura
041 _a(Pt)
072 _aP12
100 1 _aWrege, M.
245 1 _aContribuicao da agua subterranea a producao agricola no Rio Grande do Sul [Poco, Brasil]
650 _aIRRIGACAO
650 _aPOCO
650 _aAGUAS SUBTERRANEAS
650 _aRIO GRANDE DO SUL
773 0 _tLavoura Arrozeira (Brazil)
_xISSN 0023-9143
_g(Jan 1984), v. 37(348) p. 3-10
_wBR8402063
909 _a202311
_bLúcia
_c55
_dLúcia Elande
942 _2AGRIS
_n0
_cANA
999 _c114586
_d114586